书目信息 |
| 题名: |
读者文摘
|
|
| 作者: | 谢玲 主编 | |
| 分册: | 江山如此多娇 | |
| 出版信息: | 北京 北京工业大学出版社 2016 |
|
| 页数: | 258页 | |
| 开本: | 24cm | |
| 丛书名: | ||
| 单 册: | ||
| 中图分类: | Z89 | |
| 科图分类: | ||
| 主题词: | 文摘--wen zhai--世界 | |
| 电子资源: | ||
| ISBN: | 978-7-5639-4801-7 | |
| 000 | 00813nam 2200253 450 | |
| 001 | 1650246906 | |
| 005 | 20160906160517.6 | |
| 010 | @a978-7-5639-4801-7@dCNY28.00 | |
| 100 | @a20160906d2016 em y0chiy50 ea | |
| 101 | 0 | @achi |
| 102 | @aCN@b110000 | |
| 105 | @ay z 000yy | |
| 106 | @ar | |
| 200 | 1 | @a读者文摘@Adu zhe wen zhai@i江山如此多娇@f谢玲主编 |
| 210 | @a北京@c北京工业大学出版社@d2016 | |
| 215 | @a258页@d24cm | |
| 300 | @a典藏版 | |
| 330 | @a本书主要内容包括: 北平 ; 故都的秋 ; 北平的春天 ; 上景山 ; 忆卢沟桥 ; 想北平 ; 我们的首都 ; 江南的冬景 ; 黄昏的观前街 ; 温州的踪迹 ; 南京等。 | |
| 517 | 1 | @a江山如此多娇@Ajiang shan ru ci duo jiao |
| 606 | 0 | @a文摘@Awen zhai@y世界 |
| 690 | @aZ89@v5 | |
| 701 | 0 | @a谢玲@Axie ling@4主编 |
| 801 | 0 | @aCN@b人天书店@c20160906 |
| 905 | @aMUSE@dZ89@e12 | |
| 读者文摘.江山如此多娇/谢玲主编.-北京:北京工业大学出版社,2016 |
| 258页;24cm |
| 典藏版 |
| ISBN 978-7-5639-4801-7:CNY28.00 |
| 本书主要内容包括: 北平 ; 故都的秋 ; 北平的春天 ; 上景山 ; 忆卢沟桥 ; 想北平 ; 我们的首都 ; 江南的冬景 ; 黄昏的观前街 ; 温州的踪迹 ; 南京等。 |
| ● |
| 相关链接 |
|
|
|
正题名:读者文摘
索取号:Z89/12
 
预约/预借
| 序号 | 登录号 | 条形码 | 馆藏地/架位号 | 状态 | 备注 |
| 1 | 817527 | 2000817527 | 第二书库/ [索取号:Z89/12] |
已借出,限还日期为2025.05.22 借出人:宋连荟 |
|
| 2 | 817528 | 2000817528 | 第二书库/ [索取号:Z89/12] | 在馆 | |
| 3 | 817529 | 2000817529 | 第二书库/ [索取号:Z89/12] | 在馆 |